Vancouver Airport (YVR) Destinations - Statistics

General Stats
  • This quiz has been taken 708 times
    640 since last reset
  • The average score is 59 of 130
Answer Stats
Hint Answer % Correct
Air Canada, Sunwing Airlines, WestJet, Flair Air Toronto-Pearson
91%
Air Canada, Air China Beijing
90%
Air Canada Rouge, Air Transat, WestJet London-Gatwick
89%
Air Canada, British Airways London-Heathrow
89%
WestJet London (ON)
89%
Air Canada, Air Canada Express, WestJet Calgary
88%
Air Canada, Japan Airlines Tokyo-Narita
88%
San Juan Airlines Seattle-Boeing
87%
Air Canada Express, Alaska Air, Delta Connection Seattle/Tacoma
87%
All Nippon Airways Tokyo-Haneda
87%
Air Canada, American Eagle, United, United Express, WestJet Los Angeles
86%
Air Canada, Air Transat, WestJet Montréal–Trudeau
86%
Cathay Pacific, Delta, Philippine Airlines New York-JFK
86%
Air Canada, Air Canada Express, Flair Air, WestJet Edmonton
85%
Air Canada, China Eastern Shanghai-Pudong
84%
Air France, Air Transat Paris-Charles de Gaulle
83%
Air Canada, United, United Express, WestJet San Francisco
83%
Air Canada Express, United Chicago-O'hare
82%
Air Canada, Cathay Pacific, Hong Kong Air Hong Kong
82%
Air Transat, KLM Amsterdam
79%
Air Canada Express Dallas/Fort Worth
78%
Air Canada Express, Alaska Air Portland (OR)
78%
Air Canada, Korean Air Seoul-Incheon
78%
Air Canada, Qantas Sydney
78%
Aeromexico, Air Canada Rouge, China Southern, Interjet Mexico City
76%
Air Canada Express, United, United Express Denver
75%
United Houston
74%
Air New Zealand Auckland
73%
Air Canada, Condor, Lufthansa Frankfurt
73%
Air Canada, WestJet Ottawa
73%
Air Canada Express, WestJet San Diego
73%
Air Canada Express, Island Express Air, Orca Airways, Pacific Coastal, Salt Spring Air, West Coast Air, WestJet Encore Victoria
72%
Harbour Air Victoria Airport
72%
Harbour Air, HeliJet, West Coast Air Victoria Harbour
72%
Air Canada, Air Canada Express, WestJet Winnipeg
72%
Air Canada Boston
71%
Delta Atlanta
69%
Air Canada Rouge, WestJet Honolulu
69%
Air Canada Rouge, WestJet Las Vegas
69%
WestJet Halifax
66%
Philippine Airlines Manila
66%
Air Canada Express, Air Canada Rouge, American, WestJet Phoenix
66%
Air Canada Anchorage
65%
Air Canada Rouge, Air Transat, Sunwing Airlines, WestJet San Jose del Cabo
65%
Air Canada, China Airlines, EVA Air Taipei-Taoyuan
64%
Air Canada Express, WestJet Saskatoon
63%
United Washington-Dulles
62%
Lufthansa Munich
61%
Air Canada Rouge Osaka-Kansai
61%
Air Canada Express, WestJet Regina
61%
Air Canada Rouge, Air Transat, Interjet, Sunwing Airlines, WestJet Cancun
60%
Delta Detroit
60%
China Southern Guangzhou
60%
Icelandair Reykjavik
60%
Air Canada Express San Jose (CA)
60%
Delta, Delta Connection Minneapolis
59%
Delta, Delta Connection Salt Lake City
59%
Air Canada Rouge Dublin
57%
Air Canada Rouge, WestJet Orlando
56%
Air Canada, Air Canada Express, Air North, WestJet Whitehorse
55%
Air Canada Express Yellowknife
55%
Air Transat Rome
53%
Air Canada, Air Canada Express, Air North, Flair Air, WestJet, WestJet Encore Kelowna
52%
Edelweiss Air Zurich
52%
Air Canada Express, WestJet Encore Fort St. John
51%
Air Canada, United Newark
47%
Xiamen Air Xiamen
47%
Air Canada Brisbane
46%
Air Canada Express Kamloops
43%
Air Canada Express, Harbour Air, Island Express, Seair Seaplanes, West Coast Air, WestJet Encore Nanaimo
43%
HeliJet Nanaimo Harbour
43%
Sichuan Airlines Chengdu
42%
Air Canada Delhi
42%
Air Transat Manchester (UK)
40%
Air Canada Express, WestJet Encore Prince George
40%
WestJet Hamilton
33%
Air Canada Express, Central Mountain Air Prince Rupert
33%
China Eastern Nanjing
28%
Air Canada, Air Canada Rouge, Air Transat, Sunwing Airlines, WestJet Puerto Vallarta
28%
Air Canada Rouge Nagoya
27%
Island Express Air Abbotsford
26%
Beijing Capital Airlines Hangzhou
26%
Sunwing Airlines Punta Cana
24%
Air Canada Rouge, WestJet Kahului
23%
Beijing Capital Airlines Qingdao
23%
KD Air, Orca Airways, Pacific Coastal Air Tofino
23%
Air Transat Glasgow
22%
Air Canada Rouge, WestJet Kailua-Kona
22%
Sichuan Airlines Shenyang
21%
WestJet Encore Fort McMurray
20%
China Eastern Kunming
20%
WestJet Orange County
20%
Air Canada Express, Pacific Coastal Air, WestJet Encore Comox
18%
Air Canada Express, Central Mountain Air, WestJet Encore Terrace/Kitimat
18%
Central Mountain Air, Corilair, Pacific Coastal Air Campbell River
17%
WestJet Lihue
17%
Air Canada Rouge, WestJet Palm Springs
17%
Air Canada Express, Pacific Coastal Air Cranbrook
16%
Sunwing Airlines Montego Bay
15%
Air Canada Express Penticton
15%
San Juan Airlines Bellingham
14%
Pacific Coastal Airlines Port Hardy
14%
Sichuan Airlines Zhengzhou
14%
HeliJet Vancouver Harbour
12%
Pacific Coastal Airlines Trail
11%
Air Transat, Sunwing Airlines Varadero
11%
Central Mountain Air, Pacific Coastal Air Williams Lake
11%
Pacific Coastal Airlines Bella Coola
10%
Air Canada Express Castlegar
10%
Central Mountain Air Dawson Creek
10%
Sunwing Airlines, WestJet Mazatlán
10%
Central Mountain Air Quesnel
10%
Air Canada Rouge, Sunwing Airlines Ixtapa/Zihuatanejo
8%
Air North, Pacific Coastal Air Masset
8%
Pacific Coastal Airlines Powell River
8%
Air North Bella Bella
7%
West Coast Air Sechelt
7%
Air Canada Express Smithers
7%
San Juan Airlines Friday Harbor
4%
Harbour Air, Salt Spring Air, Seair Seaplanes Ganges Harbour
4%
Sunwing Airlines, WestJet Huatulco
4%
KD Air, Orca Airways Qualicum Beach
4%
San Juan Airlines Anacortes
3%
Sunwing Airlines Manzanillo
3%
Air Transat, Sunwing Airlines Santa Clara
3%
Pacific Coastal Airlines Anahim Lake
2%
Harbour Air, Seair Seaplanes Bedwell Harbour
1%
Harbour Air, Seair Seaplanes Miners Bay
1%
Seair Seaplanes Port Washington
1%
KD Air Texada Island
0%
No matching quizzes found
Score Distribution
Percent of People with Each Score
Percentile by Number Answered
Your Score History
You have not taken this quiz since the last reset